书目信息 |
| 题名: |
火炮
|
|
| 作者: | 哈尔伯斯塔特 著 ;李小明 , 杨志斌 译 | |
| 分册: | ||
| 出版信息: | 北京 中国人民大学出版社 2004 |
|
| 页数: | 303页 | |
| 开本: | 25cm | |
| 丛书名: | 战场系列 | |
| 单 册: | ||
| 中图分类: | E924-49 , E924 | |
| 科图分类: | ||
| 主题词: | 火炮--世界--普及读物 , 火炮 | |
| 电子资源: | ||
| ISBN: | 7-300-05948-1(含光盘) | |
| 000 | 01268nam0 2200337 450 | |
| 000 | 01259nam0 2200325 450 | |
| 000 | 01189nam0 2200301 450 | |
| 000 | 01153oam2 2200289 45 | |
| 005 | 20070610091301.10 | |
| 010 | @a7-300-05948-1(含光盘)@dCNY36.00 | |
| 100 | @a20070608d2004 em y0chiy0120 ea | |
| 101 | 1 | @achi@ceng |
| 102 | @aCN@b110000 | |
| 105 | @aa z 000yy | |
| 200 | 1 | @a火炮@AHuo Pao@f汉斯·哈伯斯塔特(Hans Halberstadt)著@FHan Si· Ha Bo Si Ta Te (Hans Halberstadt) Zhu@g李小明,杨志斌译 |
| 210 | @a北京@c中国人民大学出版社@d2004 | |
| 215 | @a303页@c照片,图@d25cm@e光盘1片 | |
| 225 | 2 | @a战场系列 |
| 307 | @a附光盘:ISRC CN-G13-03-0029-0 《迅雷计划》——海湾战争中的高技术战机 | |
| 330 | @a本书介绍了世界火炮发展的历史,内容包括:检验弹、美国内战、钢铁风暴(1900~1935年)、战场之王(1936~1945年)、冷战杀手、搜索与摧毁等。 | |
| 410 | 0 | @12001 @a战场系列 |
| 510 | 1 | @aThe World's Great Artillery@zeng |
| 606 | 0 | @a火炮@y世界@j普及读物 |
| 606 | 0 | @a火炮 |
| 690 | @aE924-49@v4 | |
| 690 | @aE924@v3 | |
| 701 | 1 | @c(美)@a哈尔伯斯塔特@AHa Er Bo Si Ta Te@g(Halberstadt, Hans)@4著 |
| 702 | 0 | @a李小明@ALi Xiao Ming@c(武器)@4译 |
| 702 | 0 | @a杨志斌@AYang Zhi Bin@c(武器)@4译 |
| 801 | 0 | @aCN@bTAOJIN@c20070610 |
| 905 | @a10447@dE924@e18 | |
| 火炮/汉斯·哈伯斯塔特(Hans Halberstadt)著/李小明,杨志斌译.-北京:中国人民大学出版社,2004 |
| 303页:照片,图;25cm+光盘1片.-(战场系列) |
| ISBN 7-300-05948-1(含光盘):CNY36.00 |
| 本书介绍了世界火炮发展的历史,内容包括:检验弹、美国内战、钢铁风暴(1900~1935年)、战场之王(1936~1945年)、冷战杀手、搜索与摧毁等。 |
| ● |
| 相关链接 |
|
|
|
|
正题名:火炮
索取号:E924/18
 
预约/预借
| 序号 | 登录号 | 条形码 | 馆藏地/架位号 | 状态 | 备注 |
| 1 | 0527379 | 205273791 | 第一样本阅览室/ [索取号:E924/18] | 在馆 | |
| 2 | 0527380 | 205273808 | 第一借阅区/ [索取号:E924/18] | 在馆 | |
| 3 | 0527381 | 205273817 | 第一借阅区/ [索取号:E924/18] | 在馆 | |
| 4 | 0527382 | 205273826 | 第一借阅区/ [索取号:E924/18] | 在馆 | |
| 5 | 0527383 | 205273835 | 第一借阅区/ [索取号:E924/18] | 在馆 | |
| 6 | 0527384 | 205273844 | 第一借阅区/ [索取号:E924/18] | 在馆 | |
| 7 | 0527385 | 205273853 | 第一借阅区/ [索取号:E924/18] | 在馆 | |
| 8 | 0527386 | 205273862 | 第一借阅区/ [索取号:E924/18] | 在馆 |